000 00296nam a22001337a 4500
008 170718b xxu||||| |||| 00| 0 eng d
020 _a9780385514248
041 _aeng
080 _a2
100 _a24
101 _aTEO
245 _aTHE PHYSICS OF CHRISTIANITY
_cTIPLER, F.J
942 _2udc
_cBK
999 _c21422
_d21422